000 00788nam a2200229 a 4500
001 000022860
005 20250526115843.0
008 101119s1969 mx 000 0 spa d
040 _aDO-SdBNP
_bspa
_cBNPHU
041 1 7 _aspa
_heng
_2Código de idiomas MARC
082 _ann*
_bnn*
100 1 _aMarcuse, Herbert,
_d1898-1979
_95128
240 1 0 _aAn essay on liberation.
_lEspañol
245 1 3 _aUn ensayo sobre la liberación /
_cHerbert Marcuse ; traducción Juan García Ponce.
260 _aMéxico, D. F. :
_bJoaquín Mortiz,
_c1969.
300 _a94 p. ;
_c20 cm.
490 1 _aCaudernos de Joaquín Mortiz
534 _aTítulo original :
_tAn essay on liberation
700 1 _aGarcía Ponce, Juan,
_etr.
_946983
830 0 _aCaudernos de Joaquín Mortiz
_946984
049 _aBNGR
999 _c22357
_d22357